Oberlausitzer Trachten im deutschen Siedlungsgebiet
| Titel: | Oberlausitzer Trachten im deutschen Siedlungsgebiet / Hans Klecker |
|---|---|
| Verfasser: | |
| Veröffentlicht: | Zittau, OT Dittelsdorf : Oberlausitzer Verlag, [2018] |
| Umfang: | 176 Seiten : Illustrationen ; 25 cm, 551 g |
| Format: | Buch |
| Sprache: | Deutsch |
| ISBN: | 9783946795148 ; 3946795145 |
| Hinweise zum Inhalt: |
Inhaltsverzeichnis
|
alg: 44636640 001A $06000:14-03-19 001B $06000:14-03-19 $t19:19:42.000 001D $06000:14-03-19 001U $0utf8 001X $00 002@ $0Aax 002C $aText $btxt $2rdacontent 002C $aunbewegtes Bild $bsti $2rdacontent 002D $aohne Hilfsmittel zu benutzen $bn $2rdamedia 002E $aBand $bnc $2rdacarrier 003@ $0446366404 004A $A978-3-946795-14-8 $fFesteinband : EUR 14.95 (DE), EUR 15.40 (AT) 004A $03-946795-14-5 004K $09783946795148 006C $01078916504 $aOCoLC 006G $01172827915 006H $0TOCNEUA1911 $2DNB 006T $018,N50 006U $019,A11 $f20181205 007A $01172827915 $aDNB 009P $qapplication/pdf $A2 $3Inhaltsverzeichnis $uhttp://d-nb.info/1172827915/04 $mB:DE-101 010@ $ager 010E $erda 011@ $a2018 $n[2018] 017A $asf 021A $aOberlausitzer Trachten im deutschen Siedlungsgebiet $hHans Klecker 028A $BVerfasser $4aut $71161367845 $8Klecker, Hans$Z1948- [Tp3] $9432796517 033A $pZittau, OT Dittelsdorf $01067130977 $nOberlausitzer Verlag 034D $a176 Seiten 034I $a25 cm, 551 g 034M $aIllustrationen 044K $qDNB $RKleidung $#Ethnic costume $#Costume $#Bauerntracht $#Volkstracht $#Trachten $#Festtracht $74060554-1 $8Tracht [Ts1] $9085168068 044K $qDNB $RLausitz $#Lausitz, Süd $#Südliche Lausitz $74042942-8 $8Oberlausitz [Tg1] $9085119431 045E $c390 045F $a391.009432145 $eDDC23ger 045F/01 $a391 045F/03 $g432145 lok: 44636640 78 exp: 44636640 78 1 #EPN 201B/01 $013-01-23 $t16:49:21.000 201C/01 $013-01-23 201U/01 $0utf8 203@/01 $01224536932 208@/01 $a13-01-23 $be 209A/01 $a/ $f000 $x00 209A/01 $ab*p $x01 220C/01 $apgar 244Z/01 $#Germania Slavica $#"Germania Slavica" $#Germania Slavica $#Germania Slavica $#Germania Slavica $#Germania Slavica $#Germania Slavica $8--Trx--Germania Slavica $x01 $9391371002 247C/01 $82080>Marburg/Lahn, Herder-Institut, Forschungsbibliothek, Bibliographieportal $9336309341
| LEADER | 00000nam a22000002c 4500 | ||
|---|---|---|---|
| 001 | 446366404 | ||
| 003 | DE-603 | ||
| 005 | 20190314191942.0 | ||
| 007 | tu | ||
| 008 | 190314s2018 xx |||| | u00||u|ger | ||
| 015 | |a 19,A11 |z 18,N50 |2 dnb | ||
| 016 | 7 | |2 DE-101 |a 1172827915 | |
| 020 | |a 9783946795148 |c Festeinband : EUR 14.95 (DE), EUR 15.40 (AT) | ||
| 020 | |a 3946795145 | ||
| 024 | 3 | |a 9783946795148 | |
| 035 | |a (DE-599)DNB1172827915 | ||
| 040 | |a DE-603 |b ger |c DE-603 |d DE-603 |e rda | ||
| 041 | |a ger | ||
| 082 | 0 | 4 | |8 1\u |a 391.009432145 |q DE-101 |2 23/ger |
| 084 | |a 390 |q DE-101 |2 sdnb | ||
| 085 | |8 1\u |b 391 | ||
| 085 | |8 1\u |z 2 |s 432145 | ||
| 090 | |a b | ||
| 100 | 1 | |a Klecker, Hans |d 1948- |e Verfasser |4 aut |0 (DE-603)432796517 |0 (DE-588)1161367845 |2 gnd | |
| 245 | 0 | 0 | |a Oberlausitzer Trachten im deutschen Siedlungsgebiet |c Hans Klecker |
| 264 | 1 | |a Zittau, OT Dittelsdorf |b Oberlausitzer Verlag |c [2018] | |
| 300 | |a 176 Seiten |b Illustrationen |c 25 cm, 551 g | ||
| 336 | |a Text |b txt |2 rdacontent | ||
| 336 | |a unbewegtes Bild |b sti |2 rdacontent | ||
| 337 | |a ohne Hilfsmittel zu benutzen |b n |2 rdamedia | ||
| 338 | |a Band |b nc |2 rdacarrier | ||
| 650 | 7 | |a Tracht |0 (DE-588)4060554-1 |0 (DE-603)085168068 |2 gnd | |
| 651 | 7 | |a Oberlausitz |0 (DE-588)4042942-8 |0 (DE-603)085119431 |2 gnd | |
| 856 | 4 | 2 | |m B:DE-101 |q application/pdf |u http://d-nb.info/1172827915/04 |3 Inhaltsverzeichnis |
| 924 | 0 | |9 2080 |a (DE-603)1224536932 |b DE-2080 |c HES |d d |g / | |


